Qui sont ces médaillés japonais aux Jeux Olympiques 2024 ? - Statistiques

Statistiques générales
  • Ce quiz a été pris 10 fois
    8 depuis la dernière actualisation
  • Le résultat moyen est 10 sur 20
Statistiques - réponses
Par images Hint Réponse % Correct
Judo Uta Abe
100%
Judo Hifumi Abe
80%
Escrime Koki Kano
80%
Judo Tatsuru Saito
80%
Breaking Ami
60%
Skateboard Coco Yoshizawa
60%
Athlétisme Haruka Kitaguchi
60%
Gymnastique Artistique Shinnosuke Oka
60%
Pentathlon Moderne Taishu Sato
60%
Lutte Akari Fujinami
40%
Tennis de Table Hina Hayata
40%
Escrime Misaki Emura
40%
Plongeon Rikuto Tamai
40%
Escalade Sorato Anraku
40%
Judo Takanori Nagase
40%
Natation Tomoyuki Matsushita
40%
Lutte Yuka Kagami
40%
Lutte Kiyooka Kotaro
20%
Judo Natsumi Tsunoda
20%
Judo Soichi Hashimoto
20%
Aucun quiz correspondant
Distribution des résultats
% des personnes avec chaque résultat
Percentile par nombre de réponses
Votre historique - résultats
Vous n’avez pas pris ce quiz depuis la dernière actualisation